000 00716nmm a2200265 a 4500
003 AR-BaBNM
005 20251128204203.0
008 065019s1992 ||||||||||||||000 | spa||
020 _a950-9871-29-X
040 _cAR-BaBNM
245 1 0 _aSan Luis. República Argentina
_bguía turística : spanish-english
260 _aSan Luis
_bGobierno de San Luis
_c1992
300 _a176 p.
_bmapas, planos, gráfs.
600 1 4 _aRodríguez Saa, Adolfo
650 4 _aGUIAS
650 4 _aHISTORIA PUNTANA
650 4 _aACTIVIDADES CULTURALES
650 4 _aHOTELES
650 4 _aRECURSOS NATURALES
650 4 _aMONUMENTOS HISTORICOS
651 4 _aArgentina
651 4 _aSan Luis
942 _cBK
998 _cGrace
999 _c6521
_d6521